Structural studies, repairs, and maintenance of heritage architecture IX / (Record no. 554154)
[ view plain ]
| 000 -LEADER | |
|---|---|
| fixed length control field | 00718cam a22001697a 4500 |
| 020 ## - INTERNATIONAL STANDARD BOOK NUMBER | |
| International Standard Book Number | 1845640217 (hbk.) |
| 082 04 - DEWEY DECIMAL CLASSIFICATION NUMBER | |
| Classification number | 721.0288 |
| Author Mark | BRE |
| 245 10 - TITLE STATEMENT | |
| Title | Structural studies, repairs, and maintenance of heritage architecture IX / |
| Statement of responsibility, etc. | edited by C.A. Brebbia and A. Torpiano. |
| 260 ## - PUBLICATION, DISTRIBUTION, ETC. | |
| Place of publication, distribution, etc. | Southampton ; |
| -- | Boston : |
| Name of publisher, distributor, etc. | WIT, |
| Date of publication, distribution, etc. | c2005. |
| 300 ## - PHYSICAL DESCRIPTION | |
| Extent | 644 p. : |
| Other physical details | ill. ; |
| Dimensions | 24 cm. |
| 500 ## - GENERAL NOTE | |
| General note | "Ninth International Conference on Structural Studies, Repairs and Maintenance of Heritage Architecture ... held in Malta"--P. [4] of cover. |
| 526 ## - STUDY PROGRAM INFORMATION NOTE | |
| Program name | 0 |
| Interest level | 0 |
| Reading level | 0 |
| Title point value | 721_028800000000000_BRE |
| 650 #0 - SUBJECT ADDED ENTRY--TOPICAL TERM | |
| Topical term or geographic name entry element | Historic buildings |
| General subdivision | Maintenance and repair |
| 9 (RLIN) | 45322 |
| 700 1# - ADDED ENTRY--PERSONAL NAME | |
| Personal name | Brebbia, C. A. |
| 9 (RLIN) | 23437 |
| 700 1# - ADDED ENTRY--PERSONAL NAME | |
| Personal name | Torpiano, A. |
| 9 (RLIN) | 51477 |
| 942 ## - ADDED ENTRY ELEMENTS (KOHA) | |
| Source of classification or shelving scheme | |
| Koha item type | Book |
| Withdrawn status | Lost status | Source of classification or shelving scheme | Damaged status | Not for loan | Permanent Location | Current Location | Date acquired | Total Checkouts | Full call number | Barcode | Date last seen | Price effective from | Koha item type |
|---|---|---|---|---|---|---|---|---|---|---|---|---|---|
| Military College of Engineering (MCE) | Military College of Engineering (MCE) | 10/19/2018 | 721.0288 BRE | MCE-50685 | 10/19/2018 | 10/19/2018 | Book |
